000 00456nam a22001817a 4500
003 OSt
005 20260606120321.0
008 260606b |||||||| |||| 00| 0 eng d
020 _a9788173717307
082 _a428.1 UPK
100 _aUPENDRAN, S.
245 _aKnow Your English, Volume 2 -Words frequently Confused
250 _a2nd Ed.
260 _aTelangana
_bUniversities Press
_c2026
300 _a387p.
650 _aEnglish
942 _2ddc
_cREF
999 _c14010
_d14010